000 00338nam a2200133Ia 4500
008 220204s9999 xx 000 0 und d
020 _a8176384518
082 _a02:007
_bDEV
100 _aDevarajan, G
245 0 _aInformation Science (Malayalam)
250 _aEd.2
260 _aTrivandrum
_bKerala Bhasha Institute
_c2005
942 _cBK
999 _c42456
_d42456